Informačné procesy v riadení podniku záverečná práca postgraduálneho štúdia

Uložené v:
Podrobná bibliografia
Hlavný autor: Gregorec, Ján
Korporativný autor: Vysoká škola ekonomická v Bratislave
Ďalší autori: Laučík, Zdenko
Médium: Kniha
Jazyk:Slovak
Vydavateľské údaje: Bratislava 1990
Tagy: Pridať tag
Žiadne tagy, Buďte prvý, kto otaguje tento záznam!

MARC

LEADER 00000nam a2200000 4500
001 c034378
005 20221215070706.6
041 0 |a slo 
044 |a SK 
245 1 0 |a Informačné procesy v riadení podniku  |b záverečná práca postgraduálneho štúdia  |c Ján Gregorec ; ved. práce Zdenko Laučík 
264 1 |a Bratislava  |c 1990 
300 |a 36 s. 
100 1 |a Gregorec, Ján 
700 1 |a Laučík, Zdenko 
710 2 |a Vysoká škola ekonomická v Bratislave